| 000 | 00552nam a2200181 a 4500 | ||
|---|---|---|---|
| 005 | 20240911064736.0 | ||
| 008 | 991125s1950 mx 000 0 spa u | ||
| 035 | _aUPN01000000194 | ||
| 049 | _aCG | ||
| 050 | 4 |
_aHX39.5 _bL4.3 |
|
| 110 | 2 | _aLiga Contra la Difamación de Binai Brith | |
| 245 | 1 | 3 |
_aEl ABC del comunismo / _cpreparado por la Liga Contra la Difamación de Binai Brith. |
| 260 |
_aMéxico : _bLópez, _c[195--?]. |
||
| 300 | _a96 p. | ||
| 500 | _aDisponible también en la Colección Medina | ||
| 650 | 4 |
_aComunismo _96792 |
|
| 905 | _aLibro | ||
| 999 |
_c194 _d194 |
||